Religion Quiz

Random Religion or Sporcle Quiz

Sporcle's Easiest Pope (Per Letter) Quiz Stats

 Plays Quiz Updated May 11, 2018

Score 0/20 Timer 04:00
12 Plays Today
Hint Pope % Correct
JJohn
94.6%
PPaul
91.2%
FFrancis
78%
BBenedict
75.3%
UUrban
60.3%
LLeo
56.2%
GGregory
48.5%
IInnocent
48.3%
MMark
36.9%
SStephen
33.2%
Hint Pope % Correct
AAlexander
30.8%
VVictor
30.5%
ZZachary
27.6%
CClement
25.6%
NNicholas
21.7%
TTheodore
13%
HHonorius
9.6%
EEugene
9%
DDionysius
5.5%
RRomanus
5%

You're not logged in!

Compare scores with friends on all Sporcle quizzes.
OR
Log In

Sporcle TV

Today on Sporcle TV


Watch our educational content, quiz creation guides, and fun videos on Sporcle TV.

Show Comments

Extras

Top Quizzes Today


Score Distribution

Your Account Isn't Verified!

In order to create a playlist on Sporcle, you need to verify the email address you used during registration. Go to your Sporcle Settings to finish the process.

Report this User

Report this user for behavior that violates our Community Guidelines.

Details: